| 000 | 00679cam a2200253 a 4500 | ||
|---|---|---|---|
| 001 | 921 | ||
| 003 | BD-RjUL | ||
| 005 | 20211208233240.0 | ||
| 008 | 131124s19571948xx 001 0 eng d | ||
| 035 | _a(BD-RjUL)943 | ||
| 035 | _a(OCoLC)1574898 | ||
| 040 |
_aDLC _cFM _dBD-RjUL _beng |
||
| 041 | _aeng | ||
| 082 |
_a 029.6 _216 _bBIA |
||
| 100 | 1 |
_aBird, George L. _d1900-1996. _92741 |
|
| 245 | 1 | 0 |
_aArticle writing and marketing / _cGeorge L. Bird. |
| 250 | _aRev. ed. | ||
| 260 |
_aNew York: _bRinehart, _cc1956 [Printing 1957] |
||
| 300 |
_a506 p. : _bill. ; _c22 cm. |
||
| 650 |
_aAuthorship _92742 |
||
| 942 |
_2ddc _cBK |
||
| 999 |
_c921 _d921 |
||